| 000 | 01171nam a2200265Ia 4500 | ||
|---|---|---|---|
| 999 |
_c56564 _d56564 |
||
| 001 | 23678 | ||
| 003 | GE_BSU | ||
| 005 | 20260312112008.0 | ||
| 008 | 181216s1966||||ge |||||||||||||| ||geo|| | ||
| 040 | _cGE_BSU | ||
| 041 | _ageo | ||
| 080 | _a94(38) წ-39 | ||
| 100 |
_aწერეთელი, ალექსანდრე _924759 |
||
| 245 |
_aძველი საბერძნეთი : ტ. 1 : _bსახელმძღვანელო / _cალექსანდრე წერეთელი ; რედ. ნ. თალაკვაძე. |
||
| 250 | _aმე-3 შესწ. და შევს. გამოც. | ||
| 264 |
_aთბილისი : _bგანათლება, _c1966. |
||
| 300 |
_a610 გვ. ; _bილ. ; _c22 სმ. |
||
| 504 | _aბიბლიოგრ. : გვ. 566-584 | ||
| 541 | _h25 ლ. | ||
| 653 | _aსახელმძღვანელო | ||
| 653 | _aძველი საბერძნეთი :ტ. 1 | ||
| 653 | _aძველი საბერძნეთის ისტორია | ||
| 700 |
_aთალაკვაძე, ნ. _eრედაქტორი _924760 |
||
| 942 |
_cBK _2udc |
||